000 00474nam a2200145Ia 4500
008 100122s9999 xx 000 0 und d
082 _b30747
_a822
100 _aखरे सुरेश
245 _aमंतरलेली चैत्रवेल
260 _bजोशी ब्रदर्स
_c1905
300 _a83
630 _aमंतरलेली चैत्रवेल
730 _aमंतरलेली चैत्रवेल
942 _cBOOK
999 _c415557
_d415554